000 00921nas a2200289 4500
001 BR2012002272
003 BR-BrBNA
005 20231205120352.0
007 ta
008 230509b bl.|||p| |||| 00| 00por d
040 _aBR-BrBNA
_bpor
_cBiblioteca Nacional de Agricultura
041 _a(Pt)
072 _aQ03
100 1 _aCosta, J.V.
100 1 _aNunes, I.A.
100 1 _aFrança, L.
245 1 _aDeterminação dos perfis de eric-pcr de Escherichia coli E E. coli 0157:H7 isoladas em meias-carcaças bovinas
650 _aCARNE
650 _aBOVINO
650 _aABATEDOURO
650 _aCONTAMINAÇÃO
650 _aANÁLISE DE ALIMENTO
650 _aSEGURANÇA ALIMENTAR
773 0 _tBoletim do Centro de Pesquisa e Processamento de Alimentos (Brazil)
_xISSN 0102-0323
_g(Jan-Jun 2011), v. 29(1) p. 117-128
_wBR2012002272
909 _a202311
_bLúcia
_c55
_dLúcia Elande
942 _2AGRIS
_n0
_cANA
999 _c218164
_d218164